Ιστορία μιας προσπάθειας
Αποθηκεύτηκε σε:
| Κύριος συγγραφέας: | |
|---|---|
| Μορφή: | Βιβλίο |
| Γλώσσα: | Greek |
| Δημοσίευση: |
Αθήνα :
Πέτρος Κ. Ράνος,
1945
|
| Θέματα: | |
| Ετικέτες: |
Προσθήκη ετικέτας
Δεν υπάρχουν, Καταχωρήστε ετικέτα πρώτοι!
|
MARC
| LEADER | 00000cam a2200000 i 4500 | ||
|---|---|---|---|
| 001 | 1/99478 | ||
| 008 | 950331s1945 gr | ||| |||| ||gre|| | ||
| 035 | |l 10011319 | ||
| 040 | |a GR-MY-UA |b gre |e aacr | ||
| 041 | 0 | |a gre | |
| 082 | 0 | |a 330.9495 | |
| 100 | 1 | |a Σβώλος, Α. Ι. |q (Αλέξανδρος Ι.), |d 1892-1956. | |
| 245 | 1 | 0 | |a Ιστορία μιας προσπάθειας / |c Α. Ι. Σβώλου |
| 260 | |a Αθήνα : |b Πέτρος Κ. Ράνος, |c 1945 | ||
| 300 | |a 47 σ. | ||
| 650 | 0 | |a World War, 1939-1945 |x Economic aspects |z Greece. | |
| 651 | 0 | |a Greece |x Economic conditions |y 1918-1974. | |
| 852 | |a INST |b LESVOS |e 19950331 |h 330.9495 ΣΒΩ |p 005100001948 |q 005100001948 |t BK |y 0 | ||
| 970 | |z 2000/05/ΟΙΚΟΝΟΜΟΠΟΥΛΟΥ ΧΡΙΣΤΙΝΑ | ||